000 00321nam a2200109Ia 4500
008 200302s9999 xx 000 0 und d
100 _aDavid Rudlin & Nicholas Falk
245 _aSustainable Urban Neighbourhood Building the 21st Century Home
260 _bArchitectural World Co., Ltd.
260 _c2009
300 _a315 P.,
999 _c5748
_d5748